000
00282nam a22001457a 4500
020
_a
81-713-0023-S
082
_a
894.812.3
100
_a
BASHEER
245
_a
THARASPECIALS
260
_a
2018
_b
DC BOOKS
_c
2018
300
_a
48
520
_a
NOVEL
650
_a
NOVEL
942
_c
BK
999
_c
4739
_d
4739